Návrh odporúčaní pre využitie softvéru Expert Choice v oblasti spoločensky zodpovedného podnikania : Bakalárska práca

Salvato in:
Dettagli Bibliografici
Autore principale: Dianová, Ivana, 1988- (Autore)
Altri autori: Drieniková, Katarína, 1986- (Relatore della tesi)
Natura: Manoscritto Libro
Lingua:slovacco
Pubblicazione: Trnava : STU v Bratislave MTF UPMK, 2011
Soggetti:
Accesso online:VAIS
Tags: Aggiungi Tag
Nessun Tag, puoi essere il primo ad aggiungerne!!

MARC

LEADER 00000ntm a22000003a 4500
001 stu231135
005 20160719160527.4
008 110712s2011----xo------------------slo-d
040 |a STU  |b slo 
041 0 |a slo 
044 |a xo 
100 1 |a Dianová, Ivana,  |d 1988-  |4 aut  |X 52187  |7 A000052187 
242 0 0 |a Suggestion of Recommendations for Expert Choice Software Using in field of Corporate Social Responsibility  |y eng 
245 1 |a Návrh odporúčaní pre využitie softvéru Expert Choice v oblasti spoločensky zodpovedného podnikania :  |b Bakalárska práca 
260 |a Trnava :  |b STU v Bratislave MTF UPMK,  |c 2011 
300 |a 45 s., CD-ROM 
650 7 |a corporate social responsibility  |2 estusub 
650 7 |a stakeholders  |2 estusub 
650 7 |a multicriteria decision making  |2 estusub 
650 7 |a priemyselné manažérstvo  |2 stusub 
650 7 |a Industrial Management  |2 estusub 
700 1 |a Drieniková, Katarína,  |d 1986-  |4 ths  |u M4000  |U MTF Materiálovotechnologická fakulta  |T MTF Ústav priemyselného inžinierstva a manažmentu  |X 26272  |U M4000  |Y 84  |7 A000026272 
856 4 |a info a plný text  |u http://is.stuba.sk/zp/portal_zp.pl?podrobnosti=53021  |3 VAIS 
996 |c M*BP-5408  |l MMSKP  |s P  |a 0  |w stu231135_0001